000 00259nam a22001217a 4500
003 SGT
082 _a006.31,VAP
100 _aVAPNIK, VLADIMIR
245 _aSTATISTICAL LEARNING THEORY
260 _bWILEY INDIA
_c2011
300 _a730
942 _2ddc
_cGF BOOKS
999 _c34424
_d34424